00264nam a22001217a 4500008004100000041000800041082001100049100001900060245001900079260000900098650001900107650001600126210707s2008 xx 000 0 und d aeng a052 SW aSharma, Poonam aSocial Welfare c2008 aSocial Welfare aSocial Work